000 00552nam a2200217 a 4500
001 0001-2217
003 ELIB.Books
008 190803 2010 eng
020 _a0631157050
092 _a300.1
_bGra
100 _aGraham, Gordon.
245 _aContemporary Social Philosopy
260 _aNew York
_bBasil Blackwell
_c1988
300 _a184
_c23cm
650 _aSocial Science
856 _nKBTS Library
_uKBTS Elib
942 _2ddc
_cBK
990 _a1
998 _aEnglishbooks.elf
_ccat
_e2019-08-03
999 _c12217
_d12217